Statistics for Most Populous Subdivsions in Europe

Click here to take the quiz!

General Stats

  • This quiz has been taken 53 times
  • The average score is 8 of 10

Answer Stats

CountryPopulationSubdivision% Correct
Germany13.1MBavaria
98%
United Kingdom8.9MGreater London
96%
Russia12.6MMoscow
94%
Turkey15.5MIstanbul
87%
France12.2MÎle-de-France
81%
Italy10.1MLombardy
77%
Germany11.1MBaden-Württemberg
68%
Spain8.4MAndalusia
64%
Germany17.9MNorth Rhine-Westfalia
64%
France8.0MAuvergne-Rhône-Alpes
32%

Score Distribution

Percentile by Number Answered

Percent of People with Each Score

Your Score History

You have not taken this quiz